|
|
|
|
| LEADER |
01421nam a2200289 a 4500 |
| 001 |
GR-Patra18379 |
| 008 |
050117s gr g 000 0 gre d |
| 020 |
|
|
|a 9608071046
|
| 040 |
|
|
|a GrPaTEI
|b gre
|c GR-PaULI
|
| 040 |
|
|
|a GrPaTEI
|b gre
|c GR-PaULI
|
| 082 |
|
0 |
|a 616.89003
|2 21
|
| 245 |
0 |
0 |
|a Λεξικό διαπολιτισμικών όρων στην ψυχική υγεία ; Απόδοση στα ελληνικά και επιμέλεια: Γ. Ν. Χριστοδούλου, Ι. Παπακώστας, Ι. Ζέρβας.
|
| 260 |
|
|
|a Αθήνα :
|b Βήτα,
|c c1999
|
| 300 |
|
|
|a 56σ.
|
| 500 |
|
|
|a Τίτλος πρωτοτύπου: Lexicon of cross-cultural terms in mental health
|
| 504 |
|
|
|a Βιβλιογραφία: σ.54-56
|
| 650 |
|
4 |
|a Ψυχική υγεία
|x Ορολογία
|
| 700 |
1 |
|
|a Ζέρβας, Ι.
|
| 700 |
1 |
|
|a Παπακώστας, Ι.
|
| 700 |
1 |
|
|a Χριστοδούλου, Γ.Ν.
|
| 710 |
0 |
|
|a Βήτα Ιατρικές Εκδόσεις
|
| 710 |
2 |
|
|a Παγκόσμιος οργανισμός υγείας
|
| 710 |
2 |
|
|a Ψυχιατρική Κλινική Πανεπιστημίου Αθηνών
|
| 942 |
|
|
|2 ddc
|
| 952 |
|
|
|0 0
|1 0
|2 ddc
|4 0
|6 616_890030000000000_ΛΕΞ
|7 0
|9 298429
|a LISK
|b LISK
|c BSC
|d 2021-01-17
|e 24
|f 0
|g 0.00
|l 0
|o 616.89003 ΛΕΞ
|p 92410023683
|r 2021-01-17 00:00:00
|t 1
|w 2021-01-17
|y BK15
|x 20050117 0 1
|x GrPaTEI
|
| 971 |
|
|
|a .b2665894x
|b 16-04-20
|c 23-09-16
|
| 999 |
|
|
|c 173678
|d 173678
|